000 00447nam a2200169 i 4500
001 103847
003 ES-MaACL
005 20230906183445.0
007 t|
008 051118s1968 sp ||||1| spa d
100 1 _aMerrien, Jean.
_980597
245 1 3 _aLa navegación de recreo /
_cJean Merrien.
260 _aMadrid :
_bEditora Nacional,
_c1968.
300 _a1 v. ;
_c17 cm.
500 _aEs el v. I.
852 _aES-MaACL
_jP-1921
_bR.68804
999 _c103847
_d103847